000 01671nam a22001937a 4500
003 IT-RoPau
005 20220918175936.0
008 121212b xxu||||| |||| 00| 0 eng d
040 _cIT-RoPau
100 _aAlberione Giacomo
_qFondatore Famiglia Paolina
_919
245 _aAbundantes divitiae gratiae suae.
_bStoria carismatica della Famiglia Paolina. Terza edizione con note illustrative a cura del sac. Giuseppe Barbèro ssp
250 _aIII
260 _aRoma
_bCasa Generalizia Società San Paolo in Via della Fanella
_c1975
300 _a144 p.
_c18,5 cm
490 _aOpera Omnia
_vI
500 _aIn occasione del quarentesimo anniversario della fondazione della Pia Società San Paolo, festeggiato nell'anno 1954 e in base a delle rivelazioni fatte da Don Alberione si decise di fare degli appunti che qui vengono ora pubblicati.
520 _aINDICE GENERALE Presentazione <<Abundantes divitiae gratiae suae>> Momenti di maggior grazia La missione particolare Dall' organizzazione alla vita comune-religiosa La Famiglia Paolina Giovinezza Predilezione divina La condotta di Dio La romanità Spirito sociale Universalità Lo spirito liturgico Tre chiese principali Catechismo Spirito pastorale Sale...luce...città... Spirito paolino Primi preparativi ...A Roma Espansività Il dono e la ricchezza dei Cooperatori Il lavoro Provvidenza Vangelo Sviluppo personalità <<Non temete...>> La divina assistenza Profondità spirituale Le devozioni Cose da realizzare Ringraziamento al Signore Appendice Commiato Indice alfabetico (Argomenti - Luoghi - Persone) Indice delle citazioni bibliche Avvertenza sull' uso delle Fonti Indice generale
942 _2ddc
_cBK
999 _c37644
_d37644